Normal view
MARC view
Entry Personal Name
001 - CONTROL NUMBER
- control field: 38416
003 - CONTROL NUMBER IDENTIFIER
- control field: ARRUPE
005 - DATE AND TIME OF LATEST TRANSACTION
- control field: 20180111140459.0
008 - FIXED-LENGTH DATA ELEMENTS
- fixed length control field: 180111|| aca||aabn | a|a d
040 ## - CATALOGING SOURCE
- Original cataloging agency: ARRUPE
- Transcribing agency: ARRUPE
100 ## - HEADING--PERSONAL NAME
- Personal name: Nguyễn, Phanxicô Xaviê Văn Thuận,
- Dates associated with a name: 1928-2002.
670 ## - SOURCE DATA FOUND
- Source citation: Work cat.: (ARRUPE)0: Nguyễn, Phanxicô Xaviê Văn Thuận, 1928-2002., Testimony of hope :, c2000.